| 000 | 00000nam##2200000za#4500 |
| 001 | 9.633067 |
| 003 | CaOODSP |
| 005 | 20210624215139 |
| 007 | cr ||||||||||| |
| 008 | 150407|2005||||xxc|||||o f|0| 0 fre|d |
| 040 | |aCaOODSP|bfre |
| 043 | |an-cn--- |
| 086 | 1 |aSW21-146/2005F-PDF |
| 110 | 1 |aCanada. |bCondition féminine Canada. |
| 245 | 10|aLes femmes autochtones : un document d'information sur les problèmes / |h[ressource électronique]|c[par] Michelle M. Mann. |
| 260 | |aOttawa - Ontario : |bCondition féminine Canada |c2005. |
| 300 | |a9p.|bréférences |
| 590 | |a06-10-Supp|b2006-12-15 |
| 691 | 07|aAutochtones|2gcpds |
| 691 | 07|aCondition de la femme|2gcpds |
| 691 | 07|aFemme|2gcpds |
| 691 | 07|aInégalité|2gcpds |
| 720 | 1 |aMann, Michelle M. |
| 775 | 08|tAboriginal women: an issues backgrounder / |w(CaOODSP)9.688646 |
| 856 | 40|ahttp://publications.gc.ca|qPDF|s62 Ko|uhttps://publications.gc.ca/collections/Collection/SW21-146-2005F.pdf |